Name All Taylor Swift Songs Containing a Person's Name - Statistics

General Stats
  • This quiz has been taken 414 times
  • The average score is 7 of 10
Answer Stats
Album Song % Correct
Speak Now Dear John
89%
Debut Tim McGraw
85%
folklore betty
84%
evermore marjorie
69%
Fearless Hey Stephen
65%
evermore dorothea
64%
Debut Mary's Song
61%
Red Ronan
57%
Speak Now When Emma Falls in Love
49%
Single Carolina
28%
No matching quizzes found
Score Distribution
Percent of People with Each Score
Percentile by Number Answered
Your Score History
You have not taken this quiz